书目信息 |
| 题名: |
外国地名谈丛
|
|
| 作者: | 刘伉 著 | |
| 分册: | ||
| 出版信息: | 北京 北京旅游出版社 1987 |
|
| 页数: | 328页 | |
| 开本: | 19cm | |
| 丛书名: | ||
| 单 册: | ||
| 中图分类: | K916 | |
| 科图分类: | ||
| 主题词: | 地名--外国 , 地理--世界 | |
| 电子资源: | ||
| ISBN: | ||
| 000 | 00633nam0 2200253 45 | |
| 001 | 0187008083 | |
| 005 | 20040512082741.4 | |
| 010 | @dCNY2.25 | |
| 091 | @a12273.4 | |
| 100 | @a19900830d1987 em y0chiy0121 ea | |
| 101 | 0 | @achi |
| 102 | @aCN@b110000 | |
| 105 | @af g 000yy | |
| 106 | @ar | |
| 200 | 10 | @a外国地名谈丛@Awai guo di ming tan cong@f刘伉著 |
| 210 | @a北京@c北京旅游出版社@d1987 | |
| 215 | @a328页@c图@d19cm | |
| 606 | @a地名@y外国 | |
| 606 | 0 | @a地理@x世界 |
| 690 | @aK916 | |
| 701 | 0 | @a刘伉@Aliu kang@4著 |
| 801 | 0 | @aCN@b深圳图书馆@c20040512 |
| 801 | 2 | @aCN@bNLC@c20040512 |
| 905 | @f1@b217622@dK916@e65 | |
| 外国地名谈丛/刘伉著.-北京:北京旅游出版社,1987 |
| 328页:图;19cm |
| ISBN :CNY2.25 |
| ● |
| 相关链接 |
|
|
|
|
正题名:外国地名谈丛
索取号:K916/65
 
预约/预借
| 序号 | 登录号 | 条形码 | 馆藏地/架位号 | 状态 | 备注 |
| 1 | 0217621 | 202379103 | 密集书库/ [索取号:K916/65] | 在馆 | |
| 2 | 0217622 | 000078418 | 密集书库/ [索取号:K916/65] | 在馆 | |
| 3 | 0217623 | 000078409 | 第二样本阅览室/ [索取号:K916/65] | 在馆 |